000 00304nam a22001337a 4500
008 170619b xxu||||| |||| 00| 0 eng d
020 _a9780205420735
041 _aeng
080 _24TH
_a32
100 _a20
101 _aSHP
245 _aAMERICAN SOCIAL WELFARE POLICY
_cKARGER,J.H
942 _2udc
_cBK
999 _c18182
_d18182